00413nam a22000977a 4500008004100000040005500041080001900096245014300115260004600258300001100304230405b |||||||| |||| 00| 0 eng d aNational Science LibrarycNational Science Library a061.2(100)bJ9 aStatutes of the international council of scientific unions and of the unions federated in the council c/ The Secretary-General of ICSU,  aLondon: bThe Secretary-General of ICSU,  a124p.